| 000 | 00805nam a22002057a 4500 | ||
|---|---|---|---|
| 999 |
_c7250 _d7250 |
||
| 003 | AR-CdUCM | ||
| 008 | 190320b ||||| |||| 00| 0 spa d | ||
| 040 |
_aMUNICIPALIDAD PROVINCIAL DEL CUSCO _cBIBLIOTECA MUNICIPAL DEL CUSCO |
||
| 082 |
_a693.2 / _bM79 |
||
| 100 |
_aMoreno, Franco G. _920433 |
||
| 245 | _aEl Ladrillo en la Construcción / | ||
| 260 |
_aBarcelona : _bEdiciones CEAC , _c1981. |
||
| 300 |
_a201 páginas ; _c24 cm. |
||
| 505 | _aContenido : Fabricacion de Labrillos -- Colocacion de Ladrillos -- Fabricas de Ladrillo y Morteros -- Aparejos -- Forma cosntructiva de los aparejos -- El ladrillo en la decoracion... | ||
| 650 |
_aContruccion y Arquitectura _920434 |
||
| 650 |
_aMateriales de Construccion _919633 |
||
| 650 |
_aEl Ladrillo _920435 |
||
| 942 |
_2ddc _cLIBROS |
||
| 945 | _artm | ||